| 000 | 00000cam 2200000za 4500 |
| 001 | 9.856157 |
| 003 | CaOODSP |
| 005 | 20241203113642 |
| 007 | cr ||||||||||| |
| 008 | 180504s1997 oncb|||#o f00| 0 eng d |
| 040 | |aCaOODSP|beng |
| 041 | |aeng|bfre |
| 043 | |an-cn--- |
| 086 | 1 |aCW69-1/95E-PDF |
| 245 | 00|aMonitoring bird populations |h[electronic resource] : |bthe Canadian experience / |cErica H. Dunn, Michael D. Cadman, J. Bruce Falls (editors). |
| 260 | |aOttawa : |bCanadian Wildlife Service, |cc1997. |
| 300 | |a62 p. : |bmaps. |
| 490 | 1 |aOccasional paper ; |vno. 95 |
| 500 | |aDigitized edition from print [produced by Environment and Climate Change Canada]. |
| 500 | |a"Proceedings of a symposium sponsored by the Society of Canadian Ornithologists and the Wilson Ornithological Society, held in conjunction with the joint meeting of these two societies in Guelph, Ontario, on 29 April-2 May1993." |
| 504 | |aIncludes bibliographical references. |
| 520 | |a"This volume covers all the major, broad-scale, multispecies monitoring programs in Canada aimed at tracking changes in species abundance. There are many other more local monitoring programs (e.g., tracking owls in Manitoba, the Red-shouldered Hawk Survey in Ontario, and game bird harvest surveys in many provinces) and a few national-scale surveys aimed at particular species (e.g., the Canadian Lakes Loon Survey), which are not covered in any detail here"--Introd. |
| 530 | |aIssued also in print format. |
| 546 | |aIncludes abstracts in French. |
| 692 | 07|2gccst|aBirds |
| 692 | 07|2gccst|aPopulation |
| 692 | 07|2gccst|aSurveying |
| 692 | 07|2gccst|aConferences |
| 700 | 1 |aDunn, Erica H. |
| 700 | 1 |aCadman, Michael D. |q(Michael Derrick), |d1955- |
| 700 | 1 |aFalls, J. Bruce. |
| 710 | 1 |aCanada. |bEnvironment Canada. |
| 710 | 2 |aCanadian Wildlife Service. |
| 776 | 0#|tMonitoring bird populations: the Canadian experience / |w(CaOODSP)9.613833 |
| 830 | #0|aOccasional paper (Canadian Wildlife Service)|vno. 95|w(CaOODSP)9.504780 |
| 856 | 40|qPDF|s5.22 MB|uhttps://publications.gc.ca/collections/collection_2018/eccc/CW69-1-95-eng.pdf |